Il Viaggio

Salvato in:
Dettagli Bibliografici
Autore principale: Danielle Steel
Natura: Libro
Lingua:lingua imprecisata
Pubblicazione: Edizione Mondatori
Tags: Aggiungi Tag
Nessun Tag, puoi essere il primo ad aggiungerne!!

MARC

LEADER 00000nam a2200000Ia 4500
001 R-429
003 CODICE-MESSINA
005 20260212102451.0
008 260211s9999 xx 000 0 und d
040 |c importazione_messina 
100 |a Danielle Steel 
245 0 |a Il Viaggio 
260 |b Edizione Mondatori 
942 |2 ddc  |c BK 
952 |0 0  |1 0  |2 ddc  |4 0  |6 SCAFFALE_2_000000000000000__ROMANZI  |7 0  |9 31249  |a ME  |b ME  |d 2026-02-11  |l 0  |o SCAFFALE 2 - ROMANZI  |p R-429  |r 2026-02-11 23:52:25  |w 2026-02-11  |x [REVISIONARE]  |y BK 
999 |c 26913  |d 26913